1535 1160 1060 1675 1834 1222 1174 1895 1835 1970 1889 1820 1067 1010 1492 1345 1011 1860 1834 1949 1638 1148 1885 1714 1255 1614 1779 1961 1600 1122 1287 1118 1973 1371 1512 1473 1491 1963 1664 1095 1361 1062 1142 1987 1996 1834 1576 1581 1931 1354 1271 1593 1448 1137 1233 1031 1942 1734 1117 1827 1829 1394 1613 1953 1927 1986 1134 1959 1135 1695 1328 1963 1821 1353 1417 1050 1841 1650 1420 1996 1910 1544 1560 1626 1598 1063 1047 1194 1722 1806 1728 1384 1302 1020 1637 1068 1998 1590 1114 BCNSPRNW ULIB Ver.6.0+V

เปลี่ยนเป็นภาษาไทย

Change to English
 แสดงรายละเอียดบรรณานุกรม
  กลับหน้าหลัก

Brief Record : Get Marc (ISO 2709) : E-mail record : QR code < ปิดหน้าต่าง
LEADER : 00000nam 2200000uu 4500
001    13399126885
003     ULIB
008    190827s2561||||th 000 0 tha d
020    ^a9786164559257
060  0 ^aWY160.5^bก398ก
100 0  ^aกัลยา แก้วสม
245 00 ^aการพยาบาลผู้ป่วยภาวะสมองเสื่อม :มิติการพยาบาลสุขภาพจิตและจิตเวช/^cกัลยา แก้วสม.
250    ^aพิมพ์ครั้งที่ 2
260    ^aกรุงเทพฯ :^bนีโอดิจิตอล ,^c2561.
300    ^a176 หน้า :^bภาพประกอบ ;^c26 ซม.
650  4 ^aภาวะสมองเสื่อม^xผู้ป่วย^xการดูแล
650  4 ^aการพยาบาลสุขภาพจิต
945    ^p250^l0^i27505
945    ^p250^l0^i27504
945    ^p250^l0^i27503
945    ^p250^l0^i27502
945    ^p250^l0^i27501
999    ^aกัณชพร จุลอักษร
รายการนี้ยังไม่มีแท็ก
คุณยังไม่ได้ล็อกอิน คุณสามารถมีกิจกรรมร่วมกับเว็บไซต์ได้ แต่ต้องล็อกอินก่อน ::
  ล็อกอิน

รายการสื่อสารสนเทศ

ลำดับที่ ประเภท เลขเรียก/บาร์โค้ด สถานที่ สถานะ
1. หนังสือสำรอง
หนังสือสำรอง
WY160.5 ก398ก ฉ.1 
  Barcode: 27501
ห้องสมุดวิทยาเขตนครสวรรค์
►หนังสือทั่วไป:l:General Books
บนชั้น
2. วิทยาศาสตร์การแพทย์ และสุขภาพ
วิทยาศาสตร์การแพทย์ และสุขภาพ
WY160.5 ก398ก ฉ.2 
  Barcode: 27502
ห้องสมุดวิทยาเขตนครสวรรค์
►หนังสือทั่วไป:l:General Books
บนชั้น
3. วิทยาศาสตร์การแพทย์ และสุขภาพ
วิทยาศาสตร์การแพทย์ และสุขภาพ
WY160.5 ก398ก ฉ.3 
  Barcode: 27503
ห้องสมุดวิทยาเขตนครสวรรค์
►หนังสือทั่วไป:l:General Books
บนชั้น
4. วิทยาศาสตร์การแพทย์ และสุขภาพ
วิทยาศาสตร์การแพทย์ และสุขภาพ
WY160.5 ก398ก ฉ.4 
  Barcode: 27504
ห้องสมุดวิทยาเขตนครสวรรค์
►หนังสือทั่วไป:l:General Books
บนชั้น
5. วิทยาศาสตร์การแพทย์ และสุขภาพ
วิทยาศาสตร์การแพทย์ และสุขภาพ
WY160.5 ก398ก ฉ.5 
  Barcode: 27505
ห้องสมุดวิทยาเขตนครสวรรค์
►หนังสือทั่วไป:l:General Books
บนชั้น

รายการใกล้เคียง
    ผู้แต่ง [กัลยา แก้วสม]

    หัวเรื่อง [การพยาบาลสุขภาพจิต]

BibComment


ยังไม่เคยถูกคอมเมนท์

คอมเมนท์ทรัพยากรรายการนี้
  คอมเมนท์: การพยาบาลผู้ป่วย..


 Copyright 2026. Bcnsprnw @Library